Ecrivaines ou autrices célèbres - Statistiques

Statistiques générales
  • Ce quiz a été pris 58 fois
    41 depuis la dernière actualisation
  • Le résultat moyen est 21 sur 62
Statistiques - réponses
Indices Noms d'autrices % Correct
Chine/ France: XXe et XXIeLa joueuse de Go Shan Sa / Sa
86%
France: XIXes'habillait en homme, et avait un pseudonyme masculin George Sand / Sand / Aurore Dupin
83%
France: XXeLe deuxième sexe Simone de Beauvoir / Beauvoir
83%
Angleterre: XIXeLes Hauts de Hurlevent Emily Brontë / Brontë
76%
France: XXe Hiroshima mon amour Marguerite Duras / Duras
76%
France: XXeresponsable de la loi sur l'avortement Simone Veil / Veil
76%
Angleterre: XIXeJane Eyre Charlotte Brontë / Brontë
72%
France: XVIIIe Déclaration des droits de la femme Olympe de Gouges / de gouges
72%
Belgique/ France: XXeMémoires d'Hadrien Marguerite Yourcenar / yourcenar
69%
Angleterre: XIXefaisait partie d'une fratrie d'écrivains, ses deux sœurs sont plus connues qu'elle Anne Brontë / Brontë
66%
France XXe et XXIe a reçu un prix nobel récemment Annie Ernaux / ernaux
62%
Angleterre: XIXePride and Prejudice Jane Austen / Austen
62%
Angleterre: XXea écrit énormément de romans policiers Agatha Christie / Christie
59%
Angleterre: XXe et XXIeelle a écrit une des sagas les plus connues. J.K Rowling / Rowling
55%
Belgique :XXe et XXIeL'impossible retour Amélie Nothomb / Nothomb
52%
France: XIXeLes malheurs de Sophie Mme de Ségur / Segur
52%
France: XXeécrivaine du Nouveau Roman Nathalie Sarraute / Sarraute
52%
Angleterre: XXeUne chambre à soi Virginia Woolf / Woolf
52%
France: XVIIeLa princesse de Montpensier Mme de Lafayette / Lafayette
48%
France: XXe et XXIeKing Kong Theorie Virginie Despentes / despentes
45%
Angleterre: XIXea écrit le premier roman de science fiction Mary Shelley / Shelley
41%
Etats-Unis: XXe et XXIeNe tirez pas sur l'oiseau moqueur Harper Lee / Lee
38%
France: XXePhilosophe qui a travaillé sur les régimes totalitaires au début du XXe siècle. Simone Weil / Weil
38%
France: XIXe et XXeDialogues de bêtes
Colette
34%
Etats-Unis: XXIHunger Games Suzanne Collins / Collins
34%
Etats-Unis: XXe et XXIeculture afro-américaine. Toni Morrison / Morrison
34%
Italie: XXe et XXIeL'amie prodigieuse Elena Ferrante / Ferrante
31%
Canada: XXe et XXIe a écrit des dystopie sur les droits des femmes Margaret Atwood / Atwood
31%
France: célèbre pour ses lettres, considérée comme l'inventrice du genre journalistique. XVIIe siècle. Mme de Sévigné / sévigné
31%
Etats-Unis: XXI La femme de ménage Freida Mcfadden / Mcfadden
28%
France: XXIe Le consentement Vanessa Springora / Springora
28%
France: XIVe et XVe La Cité des dames Christine de Pizan / Pizan
24%
Angleterre: XIXeelle s'est inspirée de George Sand pour son pseudonyme George Eliot / Eliot
24%
France: XVIIIeDe l'Allemagne Mme de Staël / Staël
24%
Allemagne: XXeJournaliste du procès de Nuremberg Hannah Arendt
21%
Etats-Unis: XXe et XXIeTrouble dans le genre Judith Butler / Butler
21%
Irlande: XXIe Normal People Sally Rooney / Rooney
21%
France: XIXe et XXeune grande admiratrice de Victor Hugo, a vécu à Evian, connu en particulier pour sa poésie. Anna de Noailles / Noailles / de Noailles
17%
Angleterre: XIXe et XXea écrit sur un petit lapin Beatrix Potter / Potter
17%
France: XVIIeLa carte du tendre Mme de Scudéry / Scudéry / Madeleine de Scudéry
17%
France/ Liban: XXe et XXIeTriste Tigre Neige Sinno / Sinno
17%
France: XIXeMonsieur Vénus Rachilde
17%
France: XXe et XXIeArt (pièce de théâtre) Yasmina Reza / Reza
17%
Etats-Unis: XIXe poésie transcendentaliste Emily Dickinson / Dickinson
14%
Etats-Unis: XXeAutant emporte le vent Margaret Mitchell / Mitchell
14%
Etats-Unis: XXe et XXIe s'est battue pour les droits des afro-américains. I Know Why the Caged Bird Sings Maya Angelou / Angelou
14%
Etats-Unis: XXIeLa plus grande saga de romance pour les adolescentes Stephanie Meyer / Meyer
14%
Etats-Unis: XXeEst plus connue pour son suicide que ses écrits. Elle s'est mise la tête dans un four. Sylvia Plath / Plath
14%
Etats-Unis: XIXeA Modern Mephistopheles Alcott / Louisa May Alcott
10%
Russie: XIXe et XXeune des plus grandes poétesses russes Anna Akhmatova / Akhmatova
10%
Etats-Unis: XXe et XXIAin't I a Woman ? Black women and feminism Bell Hooks / Hooks
10%
Chili: XXe et XXIeLa Maison aux esprits Isabel Allende
10%
Maroc / France: XXIeprix Goncourt de 2016 Leila Slimani
10%
France: XXeFéministe universaliste, s'est fait connaître en publiant L'amour en plus
Elisabeth Badinter / Badinter
10%
Angleterre: XVIIIereine du roman gothique Anne Radcliffe / Radcliffe
7%
France : XXIe Jour sans Fin Delphine de Vigan / Vigan
7%
France: XVIIIe au programme de l'agrégation 2026, Ourika et Edouard
Claire de Duras / de duras
7%
Etats-Unis: XXe et XXIe philosophe féministe essentialiste Sandra G. Harding / Harding
3%
Bangladesh / Irlande:écrivaine de New Romance, The Henna Wars Adiba Jaigirdar
0%
Angleterre: XIXeMary Barton Elizabeth Gaskell / Gaskell
0%
France: XIXeHistoire de la révolution Marie d'Agoult / Daniel Stern / Stern / Agoult
0%
France XXIeJe marche sous un ciel de traîne Maylis de Kerangal / Kerangal
0%
Aucun quiz correspondant
Distribution des résultats
% des personnes avec chaque résultat
Percentile par nombre de réponses
Votre historique - résultats
Vous n’avez pas pris ce quiz depuis la dernière actualisation